01359nam a2200313 i 450000100060000000300090000600500170001500700030003200800390003502000180007408000390009208000210013110000550015224501530020724600510036025000120041126000330042330000340045649000490049060000550053965100530059470000360064783000570068385200220074085200220076299900170078495201220080195201220092347469ES-MaACL20250916194506.0t|030428s2002 sp ||||0| spa a84-7455-066-1 a32 Cánovas del Castillo, Antonio a94(460)"1843/68"1 aCánovas del Castillo, Antonio,d1828-189793460013aLa revolución liberal española b: antología política (1854-1876) /cAntonio Cánovas del Castillo ; [estudio preliminar de Jorge Vilches].3 aCánovas y la revolución liberal española a1ª ed. aSalamanca : bAlmar, c2002. a485 p. : b1 retr. ; c22 cm.1 aBiblioteca del pensamiento conservador ; v214aCánovas del Castillo, Antonio,d1828-1897934600 4aEspaña-xHistoria-z1843-1868, Isabel II982561 aVilches, Jorge, d1967-91511751 aBiblioteca del pensamiento conservador ; v29226532 aES-MaACLjL-26232 aES-MaACLjL-26455 c47469d47469 00104070aATENEOMbATENEOMcDEPO2d2008-01-17eSCl0oL-26455p1049944r2023-02-23 00:00:00w2023-02-23yMONOGRAFIA 00104070aATENEOMbATENEOMcDEPO2d2008-01-17eSCl0oL-26232p1049943r2023-02-23 00:00:00w2023-02-23yMONOGRAFIA